000
00328nam a2200133Ia 4500
005
20251222143227.0
008
251222s9999||||xx |||||||||||||| ||spa||
020
_a
978-1-4058-4775-9
082
_a
428.4/W56
100
_a
Wilson, J. J.
245
0
_a
How To Teach Listening
264
_b
Pearson Education Limited
942
_c
LIB
999
_c
14052
_d
14052